1422 1221 1377 1707 1496 1632 1053 1835 1515 1959 1766 1104 1623 1883 1269 1361 1092 1296 1131 1982 1135 1989 1945 1211 1972 1359 1834 1713 1596 1778 1849 1557 1722 1411 1857 1481 1004 1181 1293 1408 1562 1001 1230 1853 1310 1692 1770 1100 1102 1345 1903 1952 1296 1857 1525 1854 1030 1483 1570 1087 1967 1039 1027 1229 1650 1089 1400 1461 1173 1285 1581 1784 1994 1873 1603 1443 1739 1307 1621 1897 1110 1825 1026 1206 1602 1897 1629 1794 1948 1185 1626 1120 1110 1132 1964 1002 1014 1583 1111 BCNSPRNW ULIB Ver.6.0+V

เปลี่ยนเป็นภาษาไทย

Change to English
 แสดงรายละเอียดบรรณานุกรม
  กลับหน้าหลัก

Brief Record : Get Marc (ISO 2709) : E-mail record : QR code < ปิดหน้าต่าง
LEADER : 00000nam 2200000uu 4500
001    13399111657
003     ULIB
008    110627s||||||||th 000 0 tha d
020    9786165000345
090    นว.^bณ429ต 2553
100 0  ณารา
245 00 ตราบสิ้นสิเน่หา/^cณารา
250    พิมพ์ครั้งที่ 2
260    กรุงเทพฯ :^bพิมพ์คำ,^c2553
300    488 หน้า
945    ^p290^l0^i028054
995    ทศพร
999 ^a ใช้งานได้ทุกระบบ
รายการนี้ยังไม่มีแท็ก
คุณยังไม่ได้ล็อกอิน คุณสามารถมีกิจกรรมร่วมกับเว็บไซต์ได้ แต่ต้องล็อกอินก่อน ::
  ล็อกอิน

รายการสื่อสารสนเทศ

ลำดับที่ ประเภท เลขเรียก/บาร์โค้ด สถานที่ สถานะ
1. นวนิยาย
นวนิยาย
นว. ณ429ต 2553 ฉ.1 
  Barcode: 028054
ห้องสมุดวิทยาเขตสวรรค์ประชารักษ์
►นวนิยาย
ถูกยืม กำหนดส่งวันที่ 9 ธันวาคม 2559
  จอง

รายการใกล้เคียง
    ผู้แต่ง [ณารา]

BibComment


ยังไม่เคยถูกคอมเมนท์

คอมเมนท์ทรัพยากรรายการนี้
  คอมเมนท์: ตราบสิ้นสิเน่หา ณ..


 Copyright 2026. Bcnsprnw @Library